Érvek és érdekek hálójában – Vita Bécsben a szaktanári rendszer bevezetéséről

Elmentve itt :
Bibliográfiai részletek
Szerző: Ugrai János
Dokumentumtípus: Cikk
Megjelent: 2010
Sorozat:Magyar pedagógia : a Magyar Tudományos Akadémia Pedagógiai Bizottságának folyóirata 110 No. 1
Kulcsszavak:Neveléstudomány
Online Access:http://misc.bibl.u-szeged.hu/14170
LEADER 00707nab a2200181 i 4500
001 misc14170
005 20191106140611.0
008 170607s2010 hu o 0|| hun d
022 |a 0025-0260 
040 |a SZTE Miscellanea Repozitórium  |b hun 
041 |a hun 
100 1 |a Ugrai János 
245 1 0 |a Érvek és érdekek hálójában – Vita Bécsben a szaktanári rendszer bevezetéséről  |h [elektronikus dokumentum] /  |c  Ugrai János 
260 |c 2010 
300 |a 35-51 
490 0 |a Magyar pedagógia : a Magyar Tudományos Akadémia Pedagógiai Bizottságának folyóirata  |v 110 No. 1 
695 |a Neveléstudomány 
856 4 0 |u http://misc.bibl.u-szeged.hu/14170/1/mp_2010_001_6497_035-051.pdf  |z Dokumentum-elérés